| 000 | 00868nam a2200277I 4500 | ||
|---|---|---|---|
| 001 | 25324 | ||
| 003 | GBCCL | ||
| 005 | 20241126110432.0 | ||
| 008 | 760206s1973 xx 000 0 eng u | ||
| 010 | _a 73084958 | ||
| 035 | _a(OCoLC)01971409 | ||
| 040 | _cLIM | ||
| 049 |
_aLBBK _c1-2 |
||
| 082 |
_a220.9505 _bGRA |
||
| 092 |
_a220.9505 _bG738 |
||
| 100 | 1 |
_aGraham, Ruth Bell. _94564 |
|
| 245 | 1 | 0 |
_aOur Christmas story, _cby Mrs. Billy Graham as told to Elizabeth Sherrill. Illustrations by David Koechel. |
| 260 |
_aMinneapolis, Minn., _bWorld Wide Publications _c[1973, c1959] |
||
| 300 |
_a157p. _billus., music _c20 cm. |
||
| 500 | _a[with special Christmas carol section] | ||
| 650 | 0 |
_aBible stories, English. _91346 |
|
| 650 | 0 |
_aBible stories. _91916 |
|
| 650 | 0 |
_aChristmas stories. _95409 |
|
| 700 | 1 | 0 |
_aSherrill, Elizabeth. _93180 |
| 942 |
_2ddc _cBK |
||
| 999 |
_c2579 _d2579 |
||